Rutgers Basketball: Leading Scorer Every Year - Statistics

General Stats
  • This quiz has been taken 10 times
  • The average score is 16 of 76
Answer Stats
Year Player Average % Correct
2019-2020 Ron Harper Jr. 12.1
100%
2020-2021 Ron Harper Jr. 14.9
100%
2021-2022 Ron Harper Jr. 15.8
100%
2022-2023 Clifford Omoruyi 13.2
60%
2015-2016 Corey Sanders 15.9
60%
2016-2017 Corey Sanders 12.8
60%
2017-2018 Corey Sanders 15.2
60%
2018-2019 Eugene Omoruyi 13.8
60%
2023-2024 Jeremiah Williams 12.2
60%
2013-2014 Myles Mack 14.9
40%
2014-2015 Myles Mack 13.4
40%
2004-2005 Quincy Douby 15.1
40%
2005-2006 Quincy Douby 25.4
40%
1976-1977 Eddie Jordan 17.7
30%
1977-1978 James Bailey 23.5
30%
1978-1979 James Bailey 18.5
30%
1964-1965 Bob Lloyd 25.0
20%
1965-1966 Bob Lloyd 26.5
20%
1966-1967 Bob Lloyd 27.9
20%
2008-2009 Mike Rosario 16.2
20%
2009-2010 Mike Rosario 16.7
20%
1973-1974 Phil Sellers 23.2
20%
1974-1975 Phil Sellers 22.7
20%
1975-1976 Phil Sellers 19.2
20%
1987-1988 Tom Savage 13.5
20%
1988-1989 Tom Savage 20.0
20%
1961-1962 Al Ammerman 15.7
10%
1963-1964 Alan Friedman 15.2
10%
1954-1955 Billy Beindorf 15.5
10%
1968-1969 Bob Greacen 21.3
10%
1969-1970 Bob Wenzel 16.4
10%
1957-1958 Bruce Webster 14.1
10%
1993-1994 Charles Jones 13.9
10%
1994-1995 Charles Jones 13.3
10%
1999-2000 Dahntay Jones 16.0
10%
1995-1996 Damon Santiago 17.2
10%
1962-1963 Don Peterson 17.2
10%
1967-1968 Doug Brittelle 15.6
10%
1959-1960 Doug Patton 19.8
10%
1960-1961 Doug Patton 18.3
10%
2011-2012 Eli Carter 13.8
10%
2012-2013 Eli Carter 14.9
10%
1985-1986 Eric Riggins 15.7
10%
1986-1987 Eric Riggins 24.7
10%
1996-1997 Geoff Billet 13.7
10%
1997-1998 Geoff Billet 13.9
10%
1950-1951 Harold Corizzi 14.7
10%
2001-2002 Jerome Coleman 16.8
10%
2002-2003 Jerome Coleman 16.0
10%
1983-1984 John Battle 21.0
10%
1984-1985 John Battle 21.0
10%
1971-1972 John Somogyi 23.5
10%
1972-1973 John Somogyi 20.0
10%
2010-2011 Jonathan Mitchell 14.4
10%
2006-2007 JR Inman 12.0
10%
2007-2008 JR Inman 12.2
10%
1958-1959 Karol Strelecki 15.6
10%
1989-1990 Keith Hughes 18.5
10%
1990-1991 Keith Hughes 21.0
10%
1979-1980 Kelvin Troy 18.9
10%
1980-1981 Kelvin Troy 15.2
10%
1951-1952 Larry Gordon 16.6
10%
1952-1953 Larry Gordon 19.3
10%
1953-1954 Larry Gordon 20.5
10%
1955-1956 Ralph Bayard 14.5
10%
1956-1957 Ralph Bayard 15.9
10%
2003-2004 Ricky Shields 15.5
10%
1998-1999 Rob Hodgson 12.8
10%
1981-1982 Roy Hinson 12.5
10%
1982-1983 Roy Hinson 16.6
10%
1970-1971 Steve Kaplan 18.4
10%
1991-1992 Steve Worthy 18.8
10%
1992-1993 Steve Worthy 18.3
10%
2000-2001 Todd Billet 16.6
10%
1948-1949 William 'Bucky' Hatchett 17.2
10%
1949-1950 William 'Bucky' Hatchett 14.4
10%
No matching quizzes found
Score Distribution
Percent of People with Each Score
Percentile by Number Answered
Your Score History
You have not taken this quiz